000 00867cab a2200241 4500
001 WB3445-17
008 090401t1998 xxu||||| |||| 00| 0 eng d
035 _a(Sirsi) u89948
041 _aeng
245 _aBusiness clusters
260 _c1998
350 _a0
490 _aFinancial Times
_v25 November 1998, 10(1)
520 _aResearch by Cardiff University indicates that existing business network initiatives where companies share information technology have not been very successful. This could have implications for the government`s plans to introduce business clusters under the forthcoming competitiveness white paper.
650 _aBUSINESS CLUSTERS
650 _aBUSINESS NETWORKS
650 _aCOMPETITION
650 _aINDUSTRIAL POLICY
650 _aJOINT VENTURES
690 _aECONOMIC AND SOCIAL
942 _n0
948 _c25/11/1998
999 _c56952
_d56952